[Event "ARG-ch sf 95th"]
[Site "Buenos Aires"]
[Date "2020.02.27"]
[Round "6"]
[White "Villanueva, Mario Nicolas"]
[Black "Falcon, Benjamin"]
[Result "1/2-1/2"]
[WhiteElo "2478"]
[BlackElo "2249"]
[PlyCount "56"]
[EventDate "2020.02.22"]
[EventType "swiss"]
[EventRounds "9"]
[EventCountry "ARG"]
[SourceTitle "CBM 195 Extra"]
[Source "ChessBase"]
[SourceDate "2020.05.31"]
[SourceVersion "1"]
[SourceVersionDate "2020.05.31"]
[SourceQuality "1"]

1. e4 c5 2. Nf3 d6 3. d4 cxd4 4. Nxd4 Nf6 5. Nc3 a6 6. Be3 e5 7. Nb3 Be6 8. h3 Be7 9. Qf3 0-0 10. g4 a5 11. a4 Na6 12. 0-0-0 Rc8 13. Kb1 Nb4 14. g5 Nd7 15. h4 Nb6 16. Bb5 Nc4 17. Bc1 Rc7 18. Rhg1 Qc8 19. Qe2 Nxc2 20. Nd5 Bxd5 21. Rxd5 Nb4 22. Bxc4 Rxc4 23. Nxa5 Rc2 24. Rd2 Rc5 25. Nb3 Qe6 26. Rg3 Ra8 27. Qg4 Rc4 28. a5 Qxg4 1/2-1/2

[Event "South America-ch U18 16th"]
[Site "Buenos Aires"]
[Date "2019.12.04"]
[Round "6.1"]
[White "Falcon, Benjamin"]
[Black "Quirhuayo Chumbe, German Gonzalo"]
[Result "0-1"]
[WhiteElo "2244"]
[BlackElo "2266"]
[PlyCount "130"]
[EventDate "2019.12.01"]
[EventType "swiss"]
[EventRounds "9"]
[EventCountry "ARG"]
[SourceTitle "EXT 2024"]
[Source "ChessBase"]
[SourceDate "2023.10.10"]
[SourceVersion "1"]
[SourceVersionDate "2023.10.10"]
[SourceQuality "1"]

1. e4 c5 2. Nf3 d6 3. d4 Nf6 4. Nc3 cxd4 5. Nxd4 a6 6. g3 e6 7. Bg2 Be7 8. 0-0 Qc7 9. a4 Nc6 10. Be3 Rb8 11. Nb3 b6 12. f4 Na5 13. Nd4 Nc4 14. Bc1 0-0 15. Kh1 Rd8 16. g4 Nd7 17. Qe2 Bb7 18. b3 Bf6 19. Qd3 Na5 20. Bb2 Rbc8 21. Rad1 Nc6 22. Nce2 Nc5 23. Qe3 Nxd4 24. Nxd4 e5 25. fxe5 Bxe5 26. Ba3 g6 27. c4 Re8 28. Ne2 Qe7 29. Nf4 Nxe4 30. Bxe4 Bxf4 31. Rxf4 g5 32. Rf2 Qxe4+ 33. Qxe4 Rxe4 34. Kg1 Rxg4+ 35. Kf1 Re8 36. Rxd6 Rge4 37. Bb4 Bc8 38. Kg2 Re3 39. Rfd2 Rxb3 40. Rxb6 Bh3+ 41. Kf2 g4 42. Rd1 h5 43. Bc5 Rc3 44. Rxa6 h4 45. Rad6 Rxc4 46. Rd8 Rf4+ 47. Kg1 Rxd8 48. Rxd8+ Kg7 49. Bf2 Rf3 50. Rd1 g3 51. hxg3 hxg3 52. Bd4+ Kg6 53. a5 Bc8 54. Rc1 Bb7 55. a6 Bd5 56. Rc5 Be4 57. Rc1 Rd3 58. Bc3 f5 59. Be5 Kg5 60. a7 Kg4 61. Re1 Kh3 62. Bf4 Ra3 63. Be3 Ra2 64. Bd4 Rg2+ 65. Kf1 Bd3+ 0-1

[Event "South America-ch U18 16th"]
[Site "Buenos Aires"]
[Date "2019.12.03"]
[Round "4.3"]
[White "Suarez, Mauricio Josue"]
[Black "Falcon, Benjamin"]
[Result "1/2-1/2"]
[WhiteElo "2227"]
[BlackElo "2244"]
[PlyCount "94"]
[EventDate "2019.12.01"]
[EventType "swiss"]
[EventRounds "9"]
[EventCountry "ARG"]
[SourceTitle "EXT 2024"]
[Source "ChessBase"]
[SourceDate "2023.10.10"]
[SourceVersion "1"]
[SourceVersionDate "2023.10.10"]
[SourceQuality "1"]

1. Nf3 Nf6 2. d4 g6 3. g3 Bg7 4. c4 0-0 5. Bg2 d6 6. 0-0 Nc6 7. Nc3 Rb8 8. h3 a6 9. e4 b5 10. d5 b4 11. Ne2 Na5 12. Qc2 c5 13. Nf4 b3 14. Qe2 bxa2 15. Rxa2 Nb3 16. e5 Nxc1 17. Rxc1 Ne8 18. e6 f5 19. h4 Nf6 20. Ng5 Qe8 21. Nf7 Ng4 22. Nd3 Rxf7 23. exf7+ Qxf7 24. Rb1 Bd4 25. Bf3 Ne5 26. Nxe5 dxe5 27. Kh2 Qf6 28. b3 Rb6 29. Qd2 Kg7 30. Bg2 e4 31. Rc2 Rb4 32. Qf4 Be5 33. Qg5 Qd6 34. Bh3 h6 35. Qe3 Bd4 36. Qf4 Qxf4 37. gxf4 e6 38. dxe6 Bxe6 39. Bf1 Kf6 40. Ra2 Rb6 41. Kg3 g5 42. hxg5+ hxg5 43. fxg5+ Kxg5 44. f4+ exf3 45. Kxf3 Bc8 46. Rg2+ Kf6 47. Re2 Bb7+ 1/2-1/2

[Event "ARG-ch sf 94th"]
[Site "Buenos Aires"]
[Date "2019.04.06"]
[Round "8"]
[White "Quiroga, Facundo"]
[Black "Falcon, Benjamin"]
[Result "1-0"]
[WhiteElo "2267"]
[BlackElo "2331"]
[PlyCount "29"]
[EventDate "2019.03.30"]
[EventType "swiss"]
[EventRounds "9"]
[EventCountry "ARG"]
[SourceTitle "CBM 189 Extra"]
[Source "ChessBase"]
[SourceDate "2019.06.03"]
[SourceVersion "1"]
[SourceVersionDate "2019.06.03"]
[SourceQuality "1"]

1. Nf3 Nf6 2. g3 g6 3. Bg2 Bg7 4. 0-0 0-0 5. c4 d6 6. d4 Nc6 7. Nc3 a6 8. Nd5 Nh5 9. e4 Bg4 10. h3 Bxf3 11. Bxf3 Nxd4 12. Bxh5 gxh5 13. Nf4 e5 14. Nxh5 Qd7 15. Bh6 1-0

[Event "Buenos Aires Szmetan Giardelli op"]
[Site "Buenos Aires"]
[Date "2018.12.11"]
[Round "8"]
[White "Tristan, Leonardo"]
[Black "Falcon, Benjamin"]
[Result "1-0"]
[WhiteElo "2496"]
[BlackElo "2341"]
[PlyCount "53"]
[EventDate "2018.12.04"]
[EventType "swiss"]
[EventRounds "9"]
[EventCountry "ARG"]
[SourceTitle "CBM 187 Extra"]
[Source "ChessBase"]
[SourceDate "2018.11.04"]
[SourceVersion "1"]
[SourceVersionDate "2018.11.04"]
[SourceQuality "1"]

1. d4 Nf6 2. c4 g6 3. Nc3 Bg7 4. e4 d6 5. f4 0-0 6. Nf3 c5 7. dxc5 Qa5 8. Bd3 Qxc5 9. Qe2 Bg4 10. Be3 Qh5 11. 0-0 Nc6 12. h3 Bxf3 13. Rxf3 Nd7 14. Qd2 Bd4 15. Bxd4 Nxd4 16. Rf2 Rac8 17. Nd5 Nc6 18. f5 Rce8 19. g3 Qxh3 20. Qe3 Nde5 21. Bf1 Qh5 22. Be2 Ng4 23. Bxg4 Qxg4 24. f6 Kh8 25. fxe7 Nxe7 26. Qc3+ f6 27. Nxf6 1-0

[Event "Buenos Aires Szmetan Giardelli op"]
[Site "Buenos Aires"]
[Date "2018.12.10"]
[Round "7"]
[White "Falcon, Benjamin"]
[Black "Tempone, Marcelo"]
[Result "1/2-1/2"]
[WhiteElo "2341"]
[BlackElo "2387"]
[PlyCount "58"]
[EventDate "2018.12.04"]
[EventType "swiss"]
[EventRounds "9"]
[EventCountry "ARG"]
[SourceTitle "CBM 187 Extra"]
[Source "ChessBase"]
[SourceDate "2018.11.04"]
[SourceVersion "1"]
[SourceVersionDate "2018.11.04"]
[SourceQuality "1"]

1. e4 e5 2. Nf3 Nf6 3. Nxe5 d6 4. Nf3 Nxe4 5. c4 Be7 6. d4 Nf6 7. Bd3 Bg4 8. h3 Bh5 9. Be3 d5 10. c5 0-0 11. Nbd2 Re8 12. 0-0 Bg6 13. Be2 Nbd7 14. Nh4 c6 15. Nxg6 hxg6 16. b4 Qc7 17. a4 Nf8 18. Qb3 Ne6 19. Rfb1 Rab8 20. b5 Bxc5 21. dxc5 d4 22. b6 axb6 23. cxb6 Qe7 24. Bf3 Nc5 25. Qa3 dxe3 26. Qxe3 Qxe3 27. fxe3 Rxe3 28. a5 Rc3 29. Bxc6 Rd3 1/2-1/2

[Event "Buenos Aires Szmetan Giardelli op"]
[Site "Buenos Aires"]
[Date "2018.12.09"]
[Round "6"]
[White "Falcon, Benjamin"]
[Black "Quiroga, Facundo"]
[Result "1-0"]
[WhiteElo "2341"]
[BlackElo "2277"]
[PlyCount "65"]
[EventDate "2018.12.04"]
[EventType "swiss"]
[EventRounds "9"]
[EventCountry "ARG"]
[SourceTitle "CBM 187 Extra"]
[Source "ChessBase"]
[SourceDate "2018.11.04"]
[SourceVersion "1"]
[SourceVersionDate "2018.11.04"]
[SourceQuality "1"]

1. e4 c5 2. Nf3 d6 3. d4 cxd4 4. Nxd4 Nf6 5. Nc3 a6 6. Nb3 e6 7. g4 h6 8. Be3 Nc6 9. Qe2 Qc7 10. f4 Nd7 11. 0-0-0 b5 12. Bg2 Bb7 13. Kb1 0-0-0 14. Qf2 Be7 15. Rhe1 Rhf8 16. a3 g5 17. h3 gxf4 18. Bxf4 Nce5 19. Bxh6 Rh8 20. Bf4 Nc4 21. a4 Bf6 22. e5 Bxe5 23. Bxe5 Ndxe5 24. axb5 Bxg2 25. Qxg2 Qb7 26. Qg3 Kc7 27. Nd4 Ra8 28. b3 axb5 29. Ndxb5+ Kb8 30. Rxd6 Qf3 31. Qg1 Nxd6 32. Qb6+ Qb7 33. Qxd6+ 1-0

[Event "Buenos Aires Szmetan Giardelli op"]
[Site "Buenos Aires"]
[Date "2018.12.05"]
[Round "2"]
[White "Falcon, Benjamin"]
[Black "Jarmoluk, Jorge E"]
[Result "1-0"]
[WhiteElo "2341"]
[BlackElo "1991"]
[PlyCount "75"]
[EventDate "2018.12.04"]
[EventType "swiss"]
[EventRounds "9"]
[EventCountry "ARG"]
[SourceTitle "CBM 187 Extra"]
[Source "ChessBase"]
[SourceDate "2018.11.04"]
[SourceVersion "1"]
[SourceVersionDate "2018.11.04"]
[SourceQuality "1"]

1. e4 e6 2. d4 d5 3. Nd2 dxe4 4. Nxe4 Nf6 5. Nxf6+ Qxf6 6. Nf3 h6 7. Bd3 Bd6 8. 0-0 Nd7 9. Qe2 Qe7 10. Re1 Nf6 11. Ne5 Bd7 12. c4 c6 13. Bf4 g5 14. Bg3 h5 15. c5 Bb8 16. Nc4 Bxg3 17. hxg3 Kf8 18. Qe5 Rg8 19. Nd6 Be8 20. Nxb7 Qxb7 21. Qxf6 Qe7 22. Qh6+ Rg7 23. Qxh5 Qf6 24. Qg4 Rd8 25. Re5 Rg8 26. Rae1 Qh6 27. Qe4 f5 28. Qe3 f4 29. Rxe6 fxe3 30. Rxh6 exf2+ 31. Kxf2 Rxd4 32. Ke3 Rd5 33. Rf1+ Bf7 34. Rhf6 Re5+ 35. Kd4 Rd5+ 36. Ke4 Rd7 37. Rxf7+ Rxf7 38. Rxf7+ 1-0

[Event "Villa Constitucion op"]
[Site "Villa Constitucion"]
[Date "2018.09.01"]
[Round "3"]
[White "Falcon, Benjamin"]
[Black "Zapata Charles, Santiago"]
[Result "1/2-1/2"]
[WhiteElo "2204"]
[BlackElo "2340"]
[PlyCount "51"]
[EventDate "2018.08.31"]
[EventType "swiss"]
[EventRounds "6"]
[EventCountry "ARG"]
[SourceTitle "CBM 186 Extra"]
[Source "ChessBase"]
[SourceDate "2018.08.24"]
[SourceVersion "1"]
[SourceVersionDate "2018.08.24"]
[SourceQuality "1"]

1. e4 e6 2. d4 d5 3. Nd2 Nf6 4. e5 Nfd7 5. f4 c5 6. Ngf3 Nc6 7. Nb3 c4 8. Nbd2 Qa5 9. c3 b5 10. b4 Qb6 11. a3 a5 12. Rb1 axb4 13. axb4 Ra2 14. Be2 Qa7 15. Nf1 Nb6 16. Ne3 Qa4 17. Bd2 Qxd1+ 18. Bxd1 Be7 19. Bc2 Bd7 20. Ke2 0-0 21. Ra1 Rfa8 22. Rxa2 Rxa2 23. g4 f6 24. h4 fxe5 25. fxe5 Na4 26. h5 1/2-1/2

[Event "Rosario"]
[Site "Rosario"]
[Date "2018.08.09"]
[Round "6"]
[White "Munoz, Francisco Javier"]
[Black "Falcon, Benjamin"]
[Result "1/2-1/2"]
[WhiteElo "2299"]
[BlackElo "2204"]
[PlyCount "42"]
[EventDate "2018.08.06"]
[EventType "tourn"]
[EventRounds "9"]
[EventCountry "ARG"]
[EventCategory "1"]
[SourceTitle "CBM 186 Extra"]
[Source "ChessBase"]
[SourceDate "2018.08.24"]
[SourceVersion "1"]
[SourceVersionDate "2018.08.24"]
[SourceQuality "1"]

1. e4 c5 2. Nf3 d6 3. d4 cxd4 4. Nxd4 Nf6 5. Nc3 a6 6. Be2 e5 7. Nb3 Be7 8. 0-0 0-0 9. Qd3 Be6 10. Bd2 Nbd7 11. Nd5 Bxd5 12. exd5 Ne8 13. c4 a5 14. Bc3 f5 15. f4 a4 16. Nd2 e4 17. Qh3 Bf6 18. Kh1 Bxc3 19. Qxc3 Qf6 20. Rfc1 Nc5 21. Nf1 Ra6 1/2-1/2

[Event "ARG-ch sf 93rd"]
[Site "Buenos Aires"]
[Date "2018.05.24"]
[Round "6"]
[White "Falcon, Benjamin"]
[Black "Mussanti, Diego"]
[Result "0-1"]
[WhiteElo "2166"]
[BlackElo "2269"]
[PlyCount "66"]
[EventDate "2018.05.19"]
[EventType "swiss"]
[EventRounds "9"]
[EventCountry "ARG"]
[SourceTitle "CBM 184 Extra"]
[Source "ChessBase"]
[SourceDate "2018.06.28"]
[SourceVersion "1"]
[SourceVersionDate "2018.06.28"]
[SourceQuality "1"]

1. e4 c5 2. Nf3 e6 3. d4 cxd4 4. Nxd4 Nc6 5. Nc3 d6 6. g3 Nf6 7. Bg2 Bd7 8. 0-0 Be7 9. Ndb5 Qb8 10. Bg5 0-0 11. Bxf6 Bxf6 12. Qxd6 a6 13. Qxd7 axb5 14. Nxb5 Bxb2 15. Rab1 Rd8 16. Qc7 Qxc7 17. Nxc7 Rxa2 18. Rfd1 Rxd1+ 19. Rxd1 e5 20. Bf1 Bd4 21. Bd3 Rb2 22. Nd5 g6 23. Ra1 Kg7 24. Ra8 Rb1+ 25. Kg2 Rd1 26. Kf3 Rd2 27. Ne3 Bc5 28. Rc8 Nd4+ 29. Kg2 Ne6 30. Ng4 h5 31. Nxe5 Rxf2+ 32. Kh1 Bd4 33. Nc4 Ng5 0-1

[Event "Caba Legislatura Cup"]
[Site "Caba"]
[Date "2018.04.12"]
[Round "6"]
[White "Villca, Julian"]
[Black "Falcon, Benjamin"]
[Result "1-0"]
[WhiteElo "2297"]
[BlackElo "2156"]
[PlyCount "67"]
[EventDate "2018.04.06"]
[EventType "swiss"]
[EventRounds "9"]
[EventCountry "ARG"]
[SourceTitle "CBM 184 Extra"]
[Source "ChessBase"]
[SourceDate "2018.06.28"]
[SourceVersion "1"]
[SourceVersionDate "2018.06.28"]
[SourceQuality "1"]

1. c4 Nf6 2. g3 g6 3. Bg2 Bg7 4. Nc3 0-0 5. d4 d6 6. e3 e5 7. Nge2 Re8 8. 0-0 e4 9. h3 h5 10. Nf4 c6 11. f3 g5 12. fxe4 gxf4 13. exf4 Be6 14. b3 Na6 15. e5 dxe5 16. fxe5 Nh7 17. Ne4 h4 18. Be3 hxg3 19. Qh5 Nb4 20. Nd6 f5 21. Nxf5 Bxf5 22. Rxf5 Rf8 23. Raf1 Qe8 24. Qg4 Nc2 25. Bd2 Rd8 26. d5 cxd5 27. Bxd5+ Kh8 28. Qe4 Rxf5 29. Rxf5 Na3 30. e6 Qe7 31. Rf7 Qc5+ 32. Be3 Qb4 33. Bd4 Rg8 34. e7 1-0

[Event "ARG-ch U16"]
[Site "Villa Martelli"]
[Date "2018.02.12"]
[Round "7.3"]
[White "Falcon, Benjamin"]
[Black "Moreira, Fabrizio Roberto Be"]
[Result "1-0"]
[WhiteElo "2197"]
[BlackElo "1754"]
[PlyCount "89"]
[EventDate "2018.02.09"]
[EventType "swiss"]
[EventRounds "9"]
[EventCountry "ARG"]
[SourceTitle "EXT 2024"]
[Source "ChessBase"]
[SourceDate "2023.10.10"]
[SourceVersion "1"]
[SourceVersionDate "2023.10.10"]
[SourceQuality "1"]

1. e4 e6 2. d4 d5 3. Nd2 Nf6 4. e5 Nfd7 5. f4 c5 6. Ngf3 Nc6 7. Nb3 c4 8. Nbd2 Qa5 9. c3 b5 10. Be2 Be7 11. Nf1 0-0 12. Ne3 b4 13. Bd2 bxc3 14. Bxc3 Bb4 15. Qc2 Rb8 16. 0-0 Bxc3 17. bxc3 Qa3 18. f5 Qb2 19. Qxb2 Rxb2 20. Bd1 Nb6 21. fxe6 fxe6 22. Bc2 h6 23. Rf2 Na8 24. Bh7+ Kxh7 25. Rxb2 Nb6 26. Nd1 Rf7 27. Rab1 Nd7 28. Kf2 Rf4 29. Ke2 Kg6 30. Ne3 Rf8 31. Rf1 Kh7 32. Rfb1 Kg6 33. Nh4+ Kh7 34. h3 Ba6 35. Nc2 Rf4 36. Nf3 Rf7 37. Nb4 Nxb4 38. Rxb4 Bc8 39. Ra4 Nb6 40. Ra5 Rc7 41. Kd2 Kg6 42. Rc5 Rxc5 43. dxc5 Nd7 44. c6 Nb6 45. Nd4 1-0

[Event "ARG-ch U16"]
[Site "Villa Martelli"]
[Date "2018.02.10"]
[Round "3.1"]
[White "Nadal, Alan"]
[Black "Falcon, Benjamin"]
[Result "0-1"]
[WhiteElo "1764"]
[BlackElo "2197"]
[PlyCount "74"]
[EventDate "2018.02.09"]
[EventType "swiss"]
[EventRounds "9"]
[EventCountry "ARG"]
[SourceTitle "EXT 2024"]
[Source "ChessBase"]
[SourceDate "2023.10.10"]
[SourceVersion "1"]
[SourceVersionDate "2023.10.10"]
[SourceQuality "1"]

1. d4 Nf6 2. c4 g6 3. Nc3 Bg7 4. e4 d6 5. f4 0-0 6. Nf3 c5 7. d5 e6 8. dxe6 fxe6 9. Bd3 Nc6 10. 0-0 Nd4 11. Ng5 h6 12. Nf3 e5 13. fxe5 Nxf3+ 14. gxf3 dxe5 15. Kh1 Nh5 16. Be3 b6 17. Be2 Nf4 18. Bxf4 Qxd1 19. Raxd1 exf4 20. Rd6 Bxc3 21. bxc3 Kf7 22. e5 Bf5 23. Bd3 Bxd3 24. Rxd3 Rad8 25. Rd5 Ke6 26. Rfd1 Rxd5 27. Rxd5 Rf7 28. Rd6+ Kf5 29. Kg1 Rg7 30. Rd5 Re7 31. Kf2 Rxe5 32. Rd7 Re3 33. Rf7+ Kg5 34. h4+ Kh5 35. Rxf4 Rxc3 36. Re4 Rc2+ 37. Kg3 Rxa2 0-1

[Event "Rosario 3rd"]
[Site "Rosario"]
[Date "2017.12.27"]
[Round "2"]
[White "Falcon, Benjamin"]
[Black "Cimer, Emanuel"]
[Result "0-1"]
[WhiteElo "2116"]
[BlackElo "2240"]
[PlyCount "110"]
[EventDate "2017.12.26"]
[EventType "tourn"]
[EventRounds "9"]
[EventCountry "ARG"]
[EventCategory "2"]
[SourceTitle "CBM 182 Extra"]
[Source "ChessBase"]
[SourceDate "2018.02.23"]
[SourceVersion "1"]
[SourceVersionDate "2018.02.23"]
[SourceQuality "1"]

1. e4 c5 2. Nf3 d6 3. d4 cxd4 4. Nxd4 Nf6 5. Nc3 g6 6. Be3 Bg7 7. f3 0-0 8. Qd2 Nc6 9. Bc4 Bd7 10. 0-0-0 Rc8 11. Bb3 Nxd4 12. Bxd4 b5 13. Nd5 Nxd5 14. Bxg7 Kxg7 15. exd5 a5 16. a3 Kg8 17. Rhe1 Rc5 18. g4 Re8 19. Kb1 b4 20. a4 Bc8 21. h4 f6 22. h5 gxh5 23. Rh1 Kh8 24. Rxh5 Rg8 25. Rdh1 Rg7 26. Bc4 Qg8 27. Qd4 e5 28. dxe6 Rxh5 29. Rxh5 Bxe6 30. Bxe6 Qxe6 31. Rxa5 Qe1+ 32. Ka2 b3+ 33. cxb3 Qxa5 34. Qxd6 Rf7 35. Ka3 Kg7 36. b4 Qg5 37. Qc6 Qe3+ 38. Qc3 Qf4 39. a5 Re7 40. Qc6 Rc7 41. Qd5 Qc1 42. Qe4 Qa1+ 43. Kb3 Qd1+ 44. Ka3 Rc1 45. Qe7+ Kg6 46. Qe8+ Kg5 47. Qg8+ Kh4 48. Qxh7+ Kg3 49. b5 Ra1+ 50. Kb4 Qd4+ 51. Kb3 Qa4+ 52. Kc3 Rc1+ 53. Kd2 Qd1+ 54. Ke3 Rc2 55. Qd3 Qe1+ 0-1

[Event "Villa Martelli ProAm op 24th"]
[Site "Villa Martelli"]
[Date "2017.10.03"]
[Round "4"]
[White "Falcon, Benjamin"]
[Black "Doval, Oscar"]
[Result "1-0"]
[WhiteElo "2183"]
[BlackElo "1691"]
[PlyCount "93"]
[EventDate "2017.10.01"]
[EventType "swiss"]
[EventRounds "9"]
[EventCountry "ARG"]
[SourceTitle "CBM 181 Extra"]
[Source "ChessBase"]
[SourceDate "2017.12.12"]
[SourceVersion "1"]
[SourceVersionDate "2017.12.12"]
[SourceQuality "1"]

1. e4 Nc6 2. d4 e5 3. d5 Nce7 4. c4 Ng6 5. Nc3 Bc5 6. Nf3 Nf6 7. Be2 0-0 8. 0-0 d6 9. Qc2 Qe7 10. Na4 Nh5 11. Nxc5 dxc5 12. Re1 Nhf4 13. Bf1 f5 14. Bxf4 Nxf4 15. exf5 Bxf5 16. Qd2 Ng6 17. Qg5 Qd6 18. Nd2 h6 19. Qg3 Rae8 20. Ne4 Bxe4 21. Rxe4 Qf6 22. Rae1 h5 23. Qe3 h4 24. Qxc5 b6 25. Qe3 Re7 26. g3 Ref7 27. Re2 hxg3 28. hxg3 Qf5 29. Bg2 Rf6 30. b4 Qh5 31. c5 Qh6 32. Qxh6 gxh6 33. Rg4 h5 34. Rg5 h4 35. Be4 Kf7 36. Bxg6+ Rxg6 37. gxh4 Re8 38. f4 e4 39. Kf2 Rf6 40. Ke3 bxc5 41. bxc5 Ra6 42. Re5 Rg8 43. Kxe4 Rg3 44. c6 Ra4+ 45. Kf5 Rf3 46. Re7+ Kg8 47. Re8+ 1-0

[Event "Wch U16"]
[Site "Montevideo"]
[Date "2017.09.26"]
[Round "11"]
[White "Petriashvili, Nikoloz"]
[Black "Falcon, Benjamin"]
[Result "1/2-1/2"]
[WhiteElo "2246"]
[BlackElo "2129"]
[PlyCount "82"]
[EventDate "2017.09.17"]
[EventType "swiss"]
[EventRounds "11"]
[EventCountry "URU"]
[SourceTitle "EXT 2018"]
[Source "ChessBase"]
[SourceDate "2017.10.13"]
[SourceVersion "1"]
[SourceVersionDate "2017.10.13"]
[SourceQuality "1"]

1. d4 Nf6 2. Nf3 g6 3. g3 Bg7 4. Bg2 0-0 5. 0-0 d6 6. b3 e5 7. dxe5 Nfd7 8. Bb2 dxe5 9. e4 Nc6 10. a4 Re8 11. a5 Nc5 12. Nc3 Bg4 13. Qd5 Qxd5 14. Nxd5 Rac8 15. Nd2 Be6 16. Ba3 Nd7 17. c3 Bf8 18. b4 a6 19. Nc4 Na7 20. Rfd1 Nb5 21. Bb2 c6 22. Ndb6 Nxb6 23. Nxb6 Rcd8 24. c4 Nd4 25. Bxd4 Rxd4 26. Rxd4 exd4 27. b5 axb5 28. cxb5 cxb5 29. e5 Rb8 30. Nd5 Bxd5 31. Bxd5 Bb4 32. Rb1 Bxa5 33. Rxb5 b6 34. Bb3 Rd8 35. Rd5 Rxd5 36. Bxd5 Kf8 37. f4 Ke7 38. Bc4 Bd2 39. Kf2 f6 40. exf6+ Kxf6 41. Kf3 Be3 1/2-1/2

[Event "Wch U16"]
[Site "Montevideo"]
[Date "2017.09.24"]
[Round "9"]
[White "Falcon, Benjamin"]
[Black "Varacalli, Francisco"]
[Result "1/2-1/2"]
[WhiteElo "2129"]
[BlackElo "2315"]
[PlyCount "104"]
[EventDate "2017.09.17"]
[EventType "swiss"]
[EventRounds "11"]
[EventCountry "URU"]
[SourceTitle "CBM 180 Extra"]
[Source "ChessBase"]
[SourceDate "2017.10.06"]
[SourceVersion "1"]
[SourceVersionDate "2017.10.06"]
[SourceQuality "1"]

1. e4 e5 2. Nf3 Nc6 3. Bb5 Nf6 4. d3 d6 5. c3 g6 6. 0-0 Bg7 7. Nbd2 0-0 8. Re1 a6 9. Ba4 Nd7 10. Nf1 Nc5 11. Bc2 Ne6 12. Ng3 Qf6 13. Be3 h5 14. h3 Nf4 15. d4 Bh6 16. d5 Ne7 17. Nh2 Qg7 18. c4 f5 19. exf5 Nxf5 20. Nxf5 Bxf5 21. Nf1 h4 22. Bxf4 Bxf4 23. Ne3 Bxe3 24. fxe3 Qh6 25. Bxf5 gxf5 26. Qf3 Rf6 27. Kh2 Kh8 28. Rg1 Rg8 29. g3 hxg3+ 30. Rxg3 Rxg3 31. Qxg3 f4 32. exf4 Qxf4 33. Rg1 Kh7 34. b3 Qxg3+ 35. Rxg3 Rf2+ 36. Rg2 Rxg2+ 37. Kxg2 Kg6 38. Kg3 Kg5 39. h4+ Kf5 40. Kf3 Kg6 41. Kg4 Kh6 42. Kf3 Kh5 43. Kg3 a5 44. a3 e4 45. b4 a4 46. b5 e3 47. Kf3 Kxh4 48. Kxe3 Kg3 49. Kd4 Kf4 50. Kc3 Ke4 51. Kb4 Kd4 52. b6 cxb6 1/2-1/2